Macsyma system reference manual.
Guardado en:
| Autor Corporativo: | |
|---|---|
| Formato: | Libro |
| Idioma: | English |
| Publicado: |
[Arlington, MA] :
Macsyma,
c1993.
|
| Materias: | |
| Etiquetas: |
Agregar Etiqueta
Sin Etiquetas, Sea el primero en etiquetar este registro!
|
| LEADER | 00606nam a22001815a 4500 | ||
|---|---|---|---|
| 001 | MAT.inmabb006568 | ||
| 008 | 120731s1993####mau######b####001#0#eng#d | ||
| 005 | 20170530141052.0 | ||
| 245 | 0 | 0 | |a Macsyma system reference manual. |
| 260 | |a [Arlington, MA] : |b Macsyma, |c c1993. | ||
| 300 | |a viii, 198 p. ; |c 28 cm. | ||
| 500 | |a "Version 14"--Cubierta. | ||
| 500 | |a "This document corresponds to Macsyma version 418"--r. port. | ||
| 504 | |a Incluye referencias bibliográficas (p. 187-191) e índice. | ||
| 710 | 2 | |a Macsyma, Inc. | |
| 084 | |a 68W30 |2 msc2000 | ||
| 630 | 0 | 7 | |a MACSYMA |
| 859 | |h 68 |i M175m |p A-7612 |b BIB. MATEMATICA | ||
